000 00664nam a22002177a 4500
003 UA-OsUOA
001 79777
007 ta
008 20111121b un ||||| |||| 00| 0 ukr d
100 _aКметь І.
090 _a82
_bК52
942 _cSA
040 _aUA-OsUOA
_bukr
_cUA-OsUOA
_dUA-OsUOA
245 _aОбраз Божої Матері у пасійних сюжетах української апокрифіки
300 _aС.47-59
955 _a0
041 _aukr
080 _a82
773 0 _w79773
_tМіфологія і фольклор
_dЛьвів
_d2011
_g2
650 7 _a82 Література. Літературознавство
_2UDC
999 _c366124
_d366124